[Event "PNWCC Super G60 Feb Gp2"]
[Site "Chess.com INT"]
[Date "2021.02.27"]
[Round "3"]
[White "Sarkar, Justin"]
[Black "Min, Ryan"]
[Result "1-0"]
[WhiteElo "2366"]
[BlackElo "1659"]
[PlyCount "89"]
[EventDate "2021.02.27"]
[EventType "swiss"]
[EventRounds "6"]
[EventCountry "USA"]
[SourceTitle "CBM 200 Extra"]
[Source "ChessBase"]
[SourceDate "2021.03.31"]
[SourceVersion "1"]
[SourceVersionDate "2021.03.31"]
[SourceQuality "1"]

1. d4 Nf6 2. c4 g6 3. Nc3 Bg7 4. e4 d6 5. f4 e5 6. dxe5 dxe5 7. Qxd8+ Kxd8 8. fxe5 Ng4 9. Bg5+ Ke8 10. Nd5 Na6 11. Nf3 Nxe5 12. Nf6+ Bxf6 13. Bxf6 Nxf3+ 14. gxf3 Rg8 15. 0-0-0 Be6 16. h4 Nc5 17. Be2 Nd7 18. Bc3 Ke7 19. f4 a5 20. h5 Nc5 21. hxg6 hxg6 22. f5 gxf5 23. exf5 Bxf5 24. Rh5 Ke6 25. Rxf5 Kxf5 26. Rd5+ Kf4 27. Rxc5 Rg1+ 28. Kc2 Rg2 29. Bd2+ Kg3 30. Bd3 c6 31. Rg5+ Kh2 32. Rf5 Rd8 33. Rxf7 b5 34. Rh7+ Kg1 35. Rh4 Rg3 36. Be4 bxc4 37. Rh1+ Kf2 38. Be1+ Ke3 39. Bxg3 Kxe4 40. Bc7 Rd5 41. Rh4+ Ke3 42. Rxc4 Rd2+ 43. Kc1 Rg2 44. Bb6+ Kd3 45. Rd4+ 1-0

[Event "PNWCC Thanksgiving op"]
[Site "Chess.com INT"]
[Date "2020.11.28"]
[Round "5"]
[White "Leiva Rodriguez, Jeammarco Giuseppe"]
[Black "Min, Ryan"]
[Result "1-0"]
[WhiteElo "2391"]
[BlackElo "1659"]
[PlyCount "111"]
[EventDate "2020.11.27"]
[EventType "swiss (rapid)"]
[EventRounds "9"]
[EventCountry "USA"]
[SourceTitle "CBM 199 Extra"]
[Source "ChessBase"]
[SourceDate "2021.01.31"]
[SourceVersion "1"]
[SourceVersionDate "2021.01.31"]
[SourceQuality "1"]

1. d4 Nf6 2. Nf3 g6 3. c4 Bg7 4. g3 d6 5. Bg2 0-0 6. 0-0 Nc6 7. Nc3 a6 8. d5 Na5 9. b3 c5 10. dxc6 Nxc6 11. Bb2 Bd7 12. Nd5 Nxd5 13. Bxg7 Kxg7 14. cxd5 Na7 15. Qd4+ Kg8 16. a4 e5 17. dxe6 Bxe6 18. b4 Nc6 19. Qb2 Qb6 20. b5 axb5 21. axb5 Ne7 22. Ng5 Bd5 23. Bxd5 Nxd5 24. Rad1 Nc7 25. Rb1 Ra5 26. Ne4 Rxb5 27. Nf6+ Kh8 28. Qa1 Qa5 29. Qd4 Rxb1 30. Rxb1 Qe5 31. Qxe5 dxe5 32. Rxb7 Ne6 33. Nd7 Re8 34. Nxe5 Nd8 35. Nxf7+ Nxf7 36. Rxf7 Rxe2 37. Kg2 Kg8 38. Ra7 Rb2 39. Kf3 Rb4 40. Kg2 Rb2 41. g4 Rb3 42. f3 Rc3 43. Kg3 Rc4 44. Rd7 Rb4 45. g5 Rb5 46. h4 Rf5 47. Kg4 Rf8 48. f4 Rf5 49. h5 Kh8 50. Rd8+ Kg7 51. h6+ Kf7 52. Rh8 Ke6 53. Rxh7 Kd5 54. Rh8 Ke4 55. Re8+ Kd5 56. h7 1-0

[Event "PNWCC Online Masters Artist Point"]
[Site "Chess.com INT"]
[Date "2020.09.07"]
[Round "7"]
[White "Harish, Neeraj"]
[Black "Min, Ryan"]
[Result "0-1"]
[WhiteElo "1472"]
[BlackElo "1659"]
[PlyCount "72"]
[EventDate "2020.09.05"]
[EventType "swiss"]
[EventRounds "9"]
[EventCountry "USA"]
[SourceTitle "CBM 198 Extra"]
[Source "ChessBase"]
[SourceDate "2020.11.30"]
[SourceVersion "1"]
[SourceVersionDate "2020.11.30"]
[SourceQuality "1"]

1. e4 g6 2. d4 Bg7 3. Nc3 d6 4. f4 a6 5. Nf3 b5 6. Bd3 Nd7 7. 0-0 c5 8. Be3 Bb7 9. d5 Ngf6 10. a3 0-0 11. Qe1 Rc8 12. Qh4 c4 13. Be2 Nc5 14. f5 gxf5 15. exf5 Kh8 16. Ng5 Ncd7 17. Rf3 h6 18. Rh3 Ng8 19. Nge4 e5 20. Bg5 f6 21. Be3 Qe7 22. Rf1 Rf7 23. Bh5 Rff8 24. Rff3 Kh7 25. Rfg3 Rc7 26. Rg6 Rf7 27. Bf3 Kh8 28. Qh5 Nf8 29. Rg4 Nh7 30. Qg6 Nf8 31. Qh5 Nh7 32. Qh4 Bc8 33. Qg3 Bxf5 34. Bxh6 Bxg4 35. Bxg7+ Rxg7 36. Bxg4 f5 0-1

[Event "PNWCC Online blitz JP 2nd"]
[Site "Chess.com INT"]
[Date "2020.03.21"]
[Round "11"]
[White "Min, Ryan"]
[Black "Lu, Jason"]
[Result "0-1"]
[WhiteElo "1659"]
[BlackElo "2024"]
[PlyCount "146"]
[EventDate "2020.03.21"]
[EventType "swiss (blitz)"]
[EventRounds "11"]
[EventCountry "USA"]
[SourceTitle "CBM 195 Extra"]
[Source "ChessBase"]
[SourceDate "2020.05.31"]
[SourceVersion "1"]
[SourceVersionDate "2020.05.31"]
[SourceQuality "1"]

1. d4 Nf6 2. c4 g6 3. Nc3 Bg7 4. e4 d6 5. Be2 0-0 6. Be3 e5 7. d5 a5 8. g4 Na6 9. h4 Nc5 10. f3 h5 11. g5 Ne8 12. Nh3 f5 13. gxf6 Bxf6 14. Bg5 Bxh3 15. Rxh3 Bxg5 16. hxg5 Qxg5 17. Rh1 Qg2 18. Rf1 Qg3+ 19. Kd2 Qf4+ 20. Kc2 c6 21. dxc6 bxc6 22. Rg1 Kh7 23. Qf1 Ne6 24. Qg2 Nd4+ 25. Kd1 Rf6 26. Bd3 Qe3 27. Be2 Rb8 28. Rb1 Nxf3 29. Bxf3 Qxf3+ 30. Qxf3 Rxf3 31. Ke2 Rf6 32. Rgd1 Ng7 33. Rd2 g5 34. Rbd1 Ne8 35. b3 g4 36. Rh1 Kg6 37. Ke1 Kg5 38. Rdh2 Ng7 39. Ne2 Rf3 40. Rh4 Rbf8 41. Ng1 Rf1+ 42. Ke2 Rxg1 43. Rxh5+ Nxh5 44. Rxg1 Nf4+ 45. Ke3 Nh3 46. Rg3 Rf3+ 47. Rxf3 gxf3 48. Kxf3 Ng1+ 49. Kf2 Nh3+ 50. Ke3 Nf4 51. a3 Ne6 52. b4 axb4 53. axb4 Nc7 54. c5 dxc5 55. bxc5 Ne6 56. Kd3 Nxc5+ 57. Kc4 Nxe4 58. Kd3 Nd6 59. Kc3 e4 60. Kd4 Kf4 61. Kc3 Kf3 62. Kd2 e3+ 63. Ke1 e2 64. Kd2 Ne4+ 65. Ke1 Nf2 66. Kd2 Nd3 67. Kxd3 e1Q 68. Kc2 Qe3 69. Kd1 Qe2+ 70. Kc1 Ke3 71. Kb1 Kd3 72. Ka1 Kc3 73. Kb1 Qb2# 0-1

[Event "Washington State-chC"]
[Site "Kirkland"]
[Date "2020.02.09"]
[Round "4"]
[White "Colasurdo, James M"]
[Black "Min, Ryan"]
[Result "1/2-1/2"]
[WhiteElo "1917"]
[BlackElo "1614"]
[PlyCount "76"]
[EventDate "2020.02.08"]
[EventType "tourn"]
[EventRounds "9"]
[EventCountry "USA"]
[SourceTitle "EXT 2023"]
[Source "ChessBase"]
[SourceDate "2022.10.05"]
[SourceVersion "1"]
[SourceVersionDate "2022.10.05"]
[SourceQuality "1"]

1. d4 Nf6 2. c4 g6 3. g3 Bg7 4. Bg2 0-0 5. Nc3 d6 6. Nf3 Nc6 7. 0-0 a6 8. h3 Rb8 9. d5 Na5 10. Qd3 c5 11. e4 b5 12. Nd2 bxc4 13. Nxc4 Nxc4 14. Qxc4 Qa5 15. e5 dxe5 16. Be3 Nd7 17. Ne4 Rxb2 18. Nxc5 Rb4 19. Nb3 Qa4 20. Qe2 e4 21. Rac1 Bb7 22. Nc5 Nxc5 23. Bxc5 Rb2 24. Qxe4 Qxe4 25. Bxe4 Bf6 26. Rb1 Rb5 27. Rxb5 axb5 28. Rb1 Ba6 29. Bd3 Rd8 30. Bxb5 Rxd5 31. Bxe7 Rxb5 32. Rxb5 Bxb5 33. Bxf6 h5 34. f4 Kf8 35. Kf2 Ke8 36. Ke3 Kd7 37. g4 hxg4 38. hxg4 Kc6 1/2-1/2